| 000 | 00690nam a22001937a 4500 | ||
|---|---|---|---|
| 003 | 0 | ||
| 005 | 20231228091921.0 | ||
| 008 | 231228b xxu||||| |||| 00| 0 eng d | ||
| 020 | _a978-621-406-058-0 | ||
| 050 |
_aHM 621 _b.R58 2021 |
||
| 100 | _aRiodique, Francisco C. III | ||
| 245 |
_aUnderstanding culture, society and politics : exploing the dynamics of human diversity and adaptation _cFrancisco C. Riodique III |
||
| 260 |
_aManila _bMindshapers Co., Inc. _cc2021. |
||
| 300 |
_axiv, 288 pages ; _c22cm. |
||
| 504 | _aIncludes bibliographical references and index. | ||
| 650 | _aCulture--Philippine--social aspects. | ||
| 650 | _aPolitics and governments. | ||
| 942 |
_2lcc _cBK |
||
| 999 |
_c365800 _d365800 |
||